Pottery today / (Record no. 6096)
[ view plain ]
| 000 -LEADER | |
|---|---|
| fixed length control field | 00607cam a22002292a 4500 |
| 001 - CONTROL NUMBER | |
| JCCL Control Number | 6096 |
| 003 - CONTROL NUMBER IDENTIFIER | |
| JCCL marc code | BD-JhCC |
| 005 - DATE AND TIME OF LATEST TRANSACTION | |
| control field | 20180211193552.0 |
| 008 - FIXED-LENGTH DATA ELEMENTS--GENERAL INFORMATION | |
| fixed length control field | 500101s1961 vp a 000 0 eng d |
| 035 ## - SYSTEM CONTROL NUMBER | |
| system control number | (BD-JhCC)6096 |
| 040 ## - CATALOGING SOURCE | |
| Original cataloging agency | DLC |
| Transcribing agency | YDM |
| Modifying agency | UKM |
| -- | EQO |
| -- | BD-JhCC |
| 041 ## - LANGUAGE CODE | |
| Language code of Book | eng |
| 050 #0 - LIBRARY OF CONGRESS CALL NUMBER | |
| Classification number | TP807 |
| Item number | .V3 |
| 082 ## - DEWEY DECIMAL CLASSIFICATION NUMBER | |
| Classification number | 666.3 |
| Author mark and Year | BAK 1961 |
| 100 1# - MAIN ENTRY--PERSONAL NAME | |
| Personal name | Val Baker, Denys, |
| Dates associated with a name | 1917-1984. |
| 245 00 - TITLE STATEMENT | |
| Title | Pottery today / |
| Statement of responsibility, etc | Denys Val Baker |
| 260 ## - PUBLICATION, DISTRIBUTION, ETC. (IMPRINT) | |
| Place of publication, distribution, etc | Oxford University Press : |
| Name of publisher, distributor, etc | London, |
| Date of publication, distribution, etc | 1961. |
| 300 ## - PHYSICAL DESCRIPTION | |
| Pagination | 144 p. : |
| Other physical details | illus. ; |
| Dimensions | 23 cm. |
| 504 ## - BIBLIOGRAPHY, ETC. NOTE | |
| Bibliography, etc | Includes bibliography |
| 650 #0 - SUBJECT ADDED ENTRY--TOPICAL TERM | |
| Topical term or geographic name as entry element | Pottery |
| 942 ## - ADDED ENTRY ELEMENTS (KOHA) | |
| Source of classification or shelving scheme | Dewey Decimal Classification |
| Koha item type | Books |
| Source of classification or shelving scheme | Damaged status | Not for loan | Home library | Current library | Shelving location | Date of accession | Total Checkouts | Full call number | Barcode | Date last seen | Copy number | Koha item type |
|---|---|---|---|---|---|---|---|---|---|---|---|---|
| Dewey Decimal Classification | JCC Rouf Library | JCC Rouf Library | General Stacks | 01/01/2018 | 666.3 BAK 1961 | 8477 | 01/01/2018 | C-1 | Books |